| 000 | 01462nam a22002897a 4500 | ||
|---|---|---|---|
| 001 | 1077 | ||
| 005 | 20230803142733.0 | ||
| 008 | 230721b cb ||||| |||| 00| 0 khr d | ||
| 020 | _a9789995005078 | ||
| 040 |
_aFISKH _beng _cFISKH _dFISKH |
||
| 082 | _a779.32 | ||
| 100 | _aDary, Heng | ||
| 245 | _aសៀវភៅរូបភាពធម្មជាតិ / | ||
| 246 | _aPicture book nature | ||
| 250 | _aPublished in September 2021 | ||
| 260 |
_aPhnom Penh ; _bSipar, _c2021 |
||
| 300 |
_a25 unnumbered pages : _bcolor illustrations, _c20 x 21 cm. |
||
| 505 | _aG | ||
| 520 | _aសៀវភៅនេះពណ៍នាអំពី រដូវ ស្ថានភាពអាកាសធាតុ ពេលវេលា ទេសភាព រុក្ខជាតិ ដើមឈើ បន្លែ រុក្ខជាតិទឹក រុក្ខជាតិក្លិនប្រហើរ ផ្កា សត្វ ថនិកសត្វ សត្វស្លា ត្រី សត្វល្អិត សត្វល្មូន។ | ||
| 520 | _aBasic vocabulary is introduced to children with paintings of seasons, weather, time, landscapes, plants, and animals. | ||
| 521 |
_a350
_bLexile estimate |
||
| 521 |
_aG
_bRaz-Plus |
||
| 650 |
_aធម្មជាតិ _vសត្វ _xរដូវ |
||
| 650 |
_aNature _vAnimals _xSeasons |
||
| 700 |
_aKunthearo, Prum _cillustrator |
||
| 942 |
_2ddc _cBK _n0 |
||
| 999 |
_c1077 _d1077 |
||